Minecraft Longest Songs - Statistics

General Stats
  • This quiz has been taken 4 times
  • The average score is 6 of 10
Answer Stats
Hint Answer % Correct
8:16 Dreiton
100%
10:02 Alpha
75%
8:34 Taswell
75%
15:03 The End
75%
5:43 Ancestry
50%
6:17 Biome Fest
50%
6:13 Dragon Fish
50%
6:00 Haunt Muskie
50%
6:42 Endless
25%
5:45 Featherfall
0%
No matching quizzes found
Score Distribution
Percent of People with Each Score
Percentile by Number Answered
Your Score History
You have not taken this quiz